LEADER 01168nam a22002057a 4500
082 |a 894.M301  |b PAR4/V M0 
100 |a പാറപ്പുറത്ത്;  |9 26313 
100 |a Parappurathu  |9 51 
240 |a Vazhiyariyathe 
245 |a വഴിയറിയാതെ 
250 |a 1st 
260 |a Kottayam;  |b Sahitya Pravarthaka Co-operative Society Ltd;  |c 1980 
300 |a 188p. 
650 |a മലയാളം; മലയാളം സാഹിത്യം; മലയാളം ചെറുകഥകള്‍  |9 26314 
650 |a Malayalam; Malayalam Literature; Malayalam Short Stories; K E Mathayi  |9 26315 
942 |c BK 
999 |c 35247  |d 35247 
952 |0 0  |1 0  |4 0  |6 894_000000000000000_M301_PAR4_V_M0  |7 0  |8 STO  |9 39387  |a MAL  |b MAL  |d 2015-05-30  |e 29096  |g 11.00  |l 0  |o 894.M301 PAR4/V M0  |p MAL029096  |r 2015-05-30  |t 1  |w 2015-05-30  |y BK 
952 |0 0  |1 0  |4 0  |6 894_000000000000000_M301_PAR4_V_M01  |7 0  |8 STO  |9 39388  |a MAL  |b MAL  |d 2015-05-30  |e 28951  |g 11.00  |l 0  |o 894.M301 PAR4/V M0;1  |p MAL028951  |r 2015-05-30  |t 2  |w 2015-05-30  |y BK 
952 |0 0  |1 0  |4 0  |6 894_000000000000000_M301_PAR4_V_M02  |7 0  |8 STO  |9 39389  |a MAL  |b MAL  |d 2015-05-30  |e 29505  |g 11.00  |l 0  |o 894.M301 PAR4/V M0;2  |p MAL029505  |r 2015-05-30  |t 3  |w 2015-05-30  |y BK